000 00641nam a22001937a 4500
003 OSt
005 20240601102712.0
008 240601b ||||| |||| 00| 0 eng d
040 _cAIMIT LIBRARY
100 _aN, Pavana.
_9168916
245 _aVideo analytics :
_bobject detection using deep neural networks /
_cBy Pavana N ; Guided by Vanitha T and Kevin Joy D Souza.
260 _aUdupi
_c2022
650 _aModel building
_9168917
650 _aData inputs
_9168918
700 _aT, Vanitha.
_eGuide
_9168919
700 _aD Souza, Kevin Joy.
_9168920
856 _3Niveus Solutions Pvt Ltd
_ywww.niveussolutions.com
942 _2ddc
_cPRO
999 _c231004
_d231004